| 000 | 01899cam a2200505 i 4500 | ||
|---|---|---|---|
| 001 | 23293281 | ||
| 003 | URS | ||
| 005 | 20250206210159.0 | ||
| 008 | 230823s2023 caua b 001 0 eng d | ||
| 010 | _a 2023278769 | ||
| 015 |
_aGBC354182 _2bnb |
||
| 016 | 7 |
_a020989770 _2Uk |
|
| 020 |
_a9781071858288 _qpaperback |
||
| 020 |
_a1071858289 _qpaperback |
||
| 020 |
_z9781071858318 _qelectronic book |
||
| 035 | _a(OCoLC)on1373398790 | ||
| 040 |
_aUKMGB _beng _erda _cUKMGB _dOCLCF _dYDX _dDLC |
||
| 042 | _alccopycat | ||
| 050 | 0 | 0 |
_aJF1525.C59 _bP3842 2023 |
| 082 | 0 | 4 |
_a808.06632 _223 _bP3842 2023 |
| 100 | 1 |
_aPennock, Andrew, _eauthor. |
|
| 245 | 1 | 4 |
_aThe CQ Press writing guide for public policy / _cAndrew Pennock. |
| 246 | 3 | 0 | _aWriting guide for public policy |
| 250 | _aSecond edition. | ||
| 264 | 1 |
_aThousand Oaks, California : _bCQ Press, _c[2023] |
|
| 300 |
_axix, 263 pages : _billustrations ; _c23 cm |
||
| 336 |
_atext _btxt _2rdacontent |
||
| 337 |
_aunmediated _bn _2rdamedia |
||
| 338 |
_avolume _bnc _2rdacarrier |
||
| 504 | _aIncludes bibliographical references and index. | ||
| 650 | 0 | _aCommunication in public administration. | |
| 650 | 0 | _aCommunication in politics. | |
| 650 | 0 | _aWritten communication. | |
| 650 | 0 | _aPolicy sciences. | |
| 650 | 0 |
_aPersuasion (Rhetoric) _xPolitical aspects. |
|
| 650 | 7 |
_aCommunication in politics. _2fast _0(OCoLC)fst00870243 |
|
| 650 | 7 |
_aCommunication in public administration. _2fast _0(OCoLC)fst00870255 |
|
| 650 | 7 |
_aPersuasion (Rhetoric) _xPolitical aspects. _2fast _0(OCoLC)fst01058899 |
|
| 650 | 7 |
_aPolicy sciences. _2fast _0(OCoLC)fst01068796 |
|
| 650 | 7 |
_aWritten communication. _2fast _0(OCoLC)fst01181697 |
|
| 830 | 0 | _amrj / YBP CIP upgrade | |
| 906 |
_a7 _bcbc _ccopycat _d2 _encip _f20 _gy-gencatlg |
||
| 942 |
_2ddc _cFR |
||
| 999 |
_c82052 _d82051 |
||